| 000 | 00958nam a2200181Ia 4500 | ||
|---|---|---|---|
| 008 | 100921s9999 xx 000 0 und d | ||
| 082 |
_b29000 _a928 थ 97 |
||
| 100 | _aशेवडे रा.वा. | ||
| 245 | _aवि.स. खांडेकर दुर्मिळ अश्रू आणि अेाघळलेले मोती. | ||
| 260 |
_bशिवसंस्कार प्रकाशन, कोल्हापूर. _c1997 |
||
| 300 |
_a48 _bमनोज पुस्तक वितरण |
||
| 365 | _b12 | ||
| 520 | _aचरित्रे-साहित्यिक. | ||
| 630 | _aवि.स. खांडेकर दुर्मिळ अश्रू आणि अेाघळलेले मोती. | ||
| 650 | _aचरित्रे-साहित्यिक. | ||
| 730 | _aवि.स. खांडेकर दुर्मिळ अश्रू आणि अेाघळलेले मोती. | ||
| 942 | _cBOOK | ||
| 999 |
_c778113 _d778110 |
||